| 000 | 00817nam a22002295i 4500 | ||
|---|---|---|---|
| 001 | 157237 | ||
| 003 | ES-MaACL | ||
| 005 | 20230906210628.0 | ||
| 008 | 990129s1863 fr |||| | fre d | ||
| 040 |
_aCCPB | B _bspa _cCCPB | B |
||
| 100 | 1 |
_aLatour, Antoine de ( _d1808-1881) _9128733 |
|
| 245 | 1 | 2 |
_aL´Espagne religieuse et littéraire _b: Pages détachées / _cpar Antoine de Latour. |
| 260 |
_aParis : _bMichel Levy Fréres, libraires-éditeurs, _c1863 ( _fImp. Simón Raçon et comp.) |
||
| 300 |
_aVII, 360 p. ; _c19 cm. |
||
| 490 | 1 | _aBibliothéque contemporaine | |
| 596 | _aMarca tip. en port. | ||
| 597 | _aAntep. | ||
| 651 | 4 |
_aEspaña- _xHistoria eclesiástica. _98368 |
|
| 830 | 0 |
_aBibliothéque contemporaine _9181673 |
|
| 852 |
_aES-MaACL _jG-7578 _z-- Enc. pasta |
||
| 999 |
_c157237 _d157237 |
||